|
|
|
|
| LEADER |
00000nam a2200000Ia 4500 |
| 001 |
ELB138813 |
| 003 |
FINmELB |
| 005 |
20201022193357.0 |
| 006 |
m o d | |
| 007 |
cr cn||||||||| |
| 008 |
110526s2012 enk sb 001 0 eng d |
| 020 |
|
|
|z 0203154231
|
| 020 |
|
|
|z 0415679281
|
| 020 |
|
|
|z 041567929X
|
| 020 |
|
|
|z 9780203154236
|
| 020 |
|
|
|z 9780415679282
|
| 020 |
|
|
|z 9780415679299
|
| 020 |
|
|
|z 9781136577581
|
| 035 |
|
|
|a (OCoLC)703208843
|
| 040 |
|
|
|a FINmELB
|c FINmELB
|d FINmELB
|
| 050 |
|
4 |
|a HD8398.F55
|b M33 2012
|
| 082 |
0 |
4 |
|a 331.40941
|2 23
|
| 100 |
1 |
|
|a Madianou, Mirca.
|
| 245 |
1 |
0 |
|a Migration and new media :
|b transnational families and polymedia /
|c Mirca Madianou and Daniel Miller.
|
| 260 |
|
|
|a London ;
|a New York :
|b Routledge,
|c 2012.
|
| 300 |
|
|
|a vii, 175 p.
|
| 504 |
|
|
|a Includes bibliographical references and index.
|
| 588 |
|
|
|a Description based on metadata supplied by the publisher and other sources.
|
| 590 |
|
|
|a Electronic reproduction. Santa Fe, Arg.: elibro, 2020. Available via World Wide Web. Access may be limited to eLibro affiliated libraries.
|
| 650 |
|
0 |
|a Foreign workers, Philippine
|x Family relationships
|z Great Britain.
|
| 650 |
|
0 |
|a Women foreign workers
|x Family relationships
|z Great Britain.
|
| 650 |
|
0 |
|a Children of foreign workers
|x Family relationships
|z Philippines.
|
| 650 |
|
0 |
|a Communication in families
|z Philippines.
|
| 650 |
|
0 |
|a Interpersonal communication
|x Technological innovations
|x Social aspects
|z Philippines.
|
| 650 |
|
0 |
|a Communication, International
|x Technological innovations
|x Social aspects
|z Philippines.
|
| 655 |
|
4 |
|a Electronic books.
|
| 700 |
1 |
|
|a Miller, Daniel,
|d 1954-
|
| 797 |
2 |
|
|a elibro, Corp.
|
| 856 |
4 |
0 |
|u https://elibro.uam.elogim.com/ereader/bidiuam/138813
|z Texto completo
|
| 950 |
|
|
|a eLibro English
|